| 000 | 01189nam a2200313 i 4500 | ||
|---|---|---|---|
| 003 | OSt | ||
| 005 | 20260530113915.0 | ||
| 008 | 260507b1997 enga|||| |||| 00| 0 eng d | ||
| 020 | _a8787385627 | ||
| 020 | _a87-87385-90-2 | ||
| 040 |
_aICI _bspa _cICI |
||
| 050 |
_aNK1505 _bP76 1997 |
||
| 100 | _eautor | ||
| 245 | _aProfession designer | ||
| 250 | _a1997 edition. | ||
| 264 |
_aCopenhagen : _bDanish Design Center, _c1997. |
||
| 300 |
_a200 página : _billustrations ; |
||
| 336 |
_2rdacontent _atexto |
||
| 337 |
_2rdamedia _asin medio |
||
| 338 |
_2rdacarrier _avolumen |
||
| 500 | _aPublicación sobre la práctica profesional y metodología del diseño contemporáneo. | ||
| 520 | _aAnálisis de la profesión del diseñador, los procesos creativos y las competencias profesionales dentro del diseño industrial y gráfico contemporáneo. | ||
| 650 |
_aIndustrial design _xVocational guidance. _933916 |
||
| 650 |
_aIndustrial designers _xProfessional practice. _933917 |
||
| 650 |
_aGraphic arts _xVocational guidance. _933918 |
||
| 650 |
_aDiseño industrial _xAspectos profesionales. _933919 |
||
| 650 |
_aPráctica profesional del diseño _933920 |
||
| 942 |
_2lcc _cBK _n1 |
||
| 999 |
_c12244 _d12244 |
||